000 01080nam a2200265 i 4500
001 179404
003 ES-MaACL
005 20250815135211.0
008 111117s2008 sp a |||| |dspa d
080 _a75 Clerk, Hendrick de
080 _a75(493.3/.4)"16"
100 1 _aDíaz Padrón, Matías,
_d1934-2022
_944376
245 1 0 _aHendrick de Clerck
_b: una serie de las "Artes Liberales" identificada en el Monasterio de El Escorial y algunas anotaciones a nuevas obras suyas en España /
_cMatías Díaz Padrón.
260 _aValladolid :
_bUniversidad de Valladolid,
_c2008.
300 _ap. [127]-150 :
_bil. ;
_c24 cm.
504 _aReferencias bibliográficas.
595 _aSeparata de: BSAA arte, Boletín del Seminario de Estudios de Arte, n. 74, 2008.
597 _aEjemp. con 3 h. fotocop. y grapadas.
600 1 4 _aClerck, Hendrick de.
_9148571
650 7 _aPintura flamenca
_2embne
_916046
700 1 _aClerck, Hendrick de.
_9148571
710 2 _aUniversidad de Valladolid.
_97332
852 _aES-MaACL
_j2290-F-1
999 _c179404
_d179404